Competitiveness of the firms and market research

Na minha lista:
Detalhes bibliográficos
Autor principal: Majtán, Štefan
Outros Autores: Hrušovská, Dana, 1964-
Formato: Capítulo de Livro
Idioma:inglês
Assuntos:
Tags: Adicionar Tag
Sem tags, seja o primeiro a adicionar uma tag!

MARC

LEADER 00000naa$a2200000$$$4500
001 0063591
005 20240502083152.6
041 0 |a eng 
044 |a CZ 
245 1 0 |a Competitiveness of the firms and market research  |c Štefan Majtán, Dana Hrušovská 
610 2 0 |a prieskum trhu 
610 2 0 |a agentúry 
610 2 0 |a obchod elektronický 
610 2 0 |a firmy 
610 2 0 |a konkurencieschopnosť 
610 2 0 |a trh medzinárodný 
100 1 |a Majtán, Štefan 
700 1 |a Hrušovská, Dana, 1964-